À Desdcoberta da Europa (Registo nº 735)
[ vista simples ]
| 000 -Etiqueta do registo | |
|---|---|
| Cabeçalho | 00770nam0a2200301 4500 |
| 005 - Identificador da versão | |
| Campo de controlo | 20240822154136.0 |
| 010 ## - Número internacional normalizado dos livros (ISBN) | |
| Número (ISBN) | 9282777286 |
| 021 ## - Número do Depósito Legal | |
| Código do país | PT |
| 035 ## - Other System Control Numbers | |
| System Control Number | 0000805 |
| System Control Number | 0000800 |
| System Control Number | 0000793 |
| System Control Number | 0000781 |
| 100 ## - Dados gerais de processamento | |
| Dados gerais de processamento | 20071026d1996 a e0pory5003 ba |
| 101 0# - Língua de publicação | |
| Língua do texto, banda sonora, etc. | Português |
| Língua do documento no original | Português |
| 102 ## - Pais de publicação ou produção | |
| País de publicação | Portugal |
| 105 ## - Campo de dados codificados: livros | |
| Dados codificados dos livros | a z 001yy |
| 106 ## - Campo de dados codificados: material textual | |
| Dados codificados do material textual | r |
| 200 1# - Titulo e menção de responsabilidade | |
| Título próprio | À Desdcoberta da Europa |
| Título paralelo | A Europa em Movimento |
| Primeira menção de responsabilidade | Ciara McLoughlin, Faith Kilford |
| Outras menções de responsabilidade | il. Will |
| 205 ## - Menção da edição | |
| Menção da edição | 1ª ed. |
| 210 ## - Publicação, Distribuição, etc. | |
| Lugar da edição, distribuição, etc. | Luxemburgo |
| Nome do editor, distribuidor, etc. | Publicações Oficiais das Comunidades Europeias |
| Data da publicação, distribuição, etc. | 1996 |
| 215 ## - Descrição física | |
| Indicação específica da natureza do documento e extensão da espécie | 78 p. |
| Outras indicações físicas | il. |
| Dimensões | 21x29,7 cm |
| 675 ## - Classificação Decimal Universal (CDU) | |
| Notação | 940 |
| Língua da edição | por |
| 700 #1 - Nome de autor-pessoa física (responsabilidade principal) | |
| Número de registo de entrada de autoridade | 0001008 |
| Palavra de ordem | McLoughlin |
| 701 #1 - Nome de autor-pessoa física (co-responsabilidade principal) | |
| Código de função | Colaborador |
| 702 #1 - Nome de autor-pessoa física (responsabilidade secundária) | |
| Número de registo de entrada de autoridade | 0001010 |
| Código de função | Técnico gráfico / Colorista / Desenhador gráfico / Designer / Impressor de fotografias / Técnico de desenho computorizado |
| 942 ## - Elementos de entrada adicionados (Koha) | |
| Tipo de item no Koha | Livro |
| Situação do levantamento | Origin of item (home branch) (coded) | Biblioteca de empréstimo | Código de barras | Cota | Circulation type (not for loan) | Tipo de documento | Nota do exemplar | Damaged status |
|---|---|---|---|---|---|---|---|---|
| Biblioteca Escolar Eng. Nuno Mergulhão | Biblioteca Escolar Eng. Nuno Mergulhão | BENM1264 | 9GEO McL | Livro | Sem mensagem |
